书目信息 |
| 题名: |
道路工程英语
|
|
| 作者: | 王敏 主编 | |
| 分册: | ||
| 出版信息: | 北京 人民交通出版社 2015.06 |
|
| 页数: | 258页 | |
| 开本: | 20cm | |
| 丛书名: | ||
| 单 册: | ||
| 中图分类: | H31 | |
| 科图分类: | ||
| 主题词: | 英语 | |
| 电子资源: | ||
| ISBN: | 7-114-12319-1 | |
| 000 | 00534nam0 2200193 450 | |
| 001 | 1759721356 | |
| 005 | 20170220163605.23 | |
| 010 | @a7-114-12319-1@dCNY38.00 | |
| 100 | @a20170220d2015 km y0chiy0120 ea | |
| 101 | 0 | @achi |
| 102 | @aCN@b110000 | |
| 200 | 1 | @a道路工程英语@Adao lu gong cheng ying yu@f王敏等主编@Fwang min deng zhu bian |
| 210 | @a北京@c人民交通出版社@d2015.06 | |
| 215 | @a258页@d20cm | |
| 606 | 0 | @a英语 |
| 690 | @aH31@v4 | |
| 701 | 0 | @a王敏@Awang min@4主编 |
| 801 | 0 | @aCN@bMUSE@c20170220 |
| 905 | @aMUSE@dH31@eW2851 | |
| 道路工程英语/王敏等主编.-北京:人民交通出版社,2015.06 |
| 258页;20cm |
| ISBN 7-114-12319-1:CNY38.00 |
| ● |
| 相关链接 |
|
|
|
正题名:道路工程英语
索取号:H31/W2851
 
预约/预借
| 序号 | 登录号 | 条形码 | 馆藏地/架位号 | 状态 | 备注 |
| 1 | 1239208 | 212392089 | 土木与交通工程学院资料室/ [索取号:H31/W2851] | 在馆 |